| 000 | 00941cab a2200193 4500 | ||
|---|---|---|---|
| 001 | ##L135031 | ||
| 008 | 060920n2006 000 0 eng u | ||
| 035 | _a(Sirsi) u135031 | ||
| 041 | 0 | _aeng | |
| 100 | 1 | _aAlexander, David | |
| 245 | 0 | 0 | _aKeeping tabs on changing face of farms |
| 260 | _c2006 | ||
| 490 | 0 |
_aPlanning (for the Natural and Built Environment) _v(1686) 15 September 2006, 14(1) |
|
| 520 | _aExamines the findings of the latest new agricultural landscapes report published this summer. The research, which started in 1972, examines changes in lowland landscapes in England and is carried out on an 11 year cycle. The latest report highlights developments such as the reduction in the number of farms, variations in farm incomes and the growing influence of the planning system. | ||
| 590 | _aIKA031006 | ||
| 651 | 4 |
_aEngland _y886- |
|
| 690 | _aENVIRONMENTAL AND LAND CONSULTANCY-AGRIBUSINESS-AGRICULTURE | ||
| 942 | _n0 | ||
| 999 |
_c77756 _d77756 |
||